01584cas a2200373 a 450000100090000000300060000900500170001500800410003201000310007302200280010403500240013203701020015604000710025804200140032905000170034308200160036022200410037624500630041724600320048024600820051226000410059430000170063531000140065236200190066655000730068558800420075858800730080065000690087365500430094270000230098571000550100878000700106378500770113311441167GBCCL20241126110637.0790425d1968199utnuqr 0 a0eng c a 94649862 zsn 79002585 1 a0191-4219l0191-421921 a(OCoLC)ocm04893328  bSunday School Board of the Southern Baptist Convention, 127 Ninth Ave. North, Nashville, TN 37234 aNSDbengcNSDdNSDdDLCdOCLCQdDLCdNSDdOCLCQdDLCdOCLCOdOCLCF ansdpapcc00aBX6225b.H6300a268.61bHOB 0aStudying adult life and work lessons00aStudying adult life and work lessons /cHerschel H. Hobbs.30aAdult life and work lessons1 iAlso called:aHerschel Hobbs commentary : studying adult life and work lesson aNashville, Tenn. :bConvention Press av. ;c21 cm. aQuarterly1 aBegan in 1968. aIssued <1992-> by: Southern Baptist Convention. Sunday School Board. aDescription based on: Oct./Dec. 1971. aLatest issue consulted: Vol. 28, no 4 (July/Sept. 1996) (surrogate). 0aChristian educationxTextbooks for adultsxBaptistvPeriodicals. 7aPeriodicals.2fast0(OCoLC)fst014116411 aHobbs, Herschel H.2 aSouthern Baptist Convention.bSunday School Board.00tStudying life and work lessonsw(DLC) 68009027w(OCoLC)3118846700tHerschel Hobbs commentaryx1550-719Xw(DLC) 2004209807w(OCoLC)47759388